Movies Quiz

Random Movies or Clickable Quiz

Multiple Choice: Not in That 'A' Movie Quiz Stats

 Plays Quiz Updated Aug 11, 2017

Score 0/25 Timer 06:00
2 Plays Today
Question Answer Wrong Answers
As Good as It Gets
1997
Adam Sandler
81.9%
Greg Kinnear
5.3%
Helen Hunt
3%
Jack Nicholson
3.2%
Anchorman: The Legend of Ron Burgundy
2004
Kristen Wiig
75.4%
Christina Applegate
10.9%
Steve Carell
5.9%
Will Ferrell
1.9%
Apollo 13
1995
James Caan
74.6%
Gary Sinise
9%
Kevin Bacon
7.6%
Tom Hanks
2.8%
American Pie
1999
Thora Birch
74.1%
Alyson Hannigan
6.3%
Jason Biggs
3%
Shannon Elizabeth
10.3%
Alice in Wonderland
2010
Carrie-Anne Moss
72.9%
Helena Bonham Carter
4%
Johnny Depp
2.2%
Mia Wasikowska
15%
American History X
1998
Bill Murray
72.7%
Edward Furlong
7.8%
Edward Norton
3.3%
Elliott Gould
9.6%
Australia
2008
Mel Gibson
71%
Bryan Brown
15.2%
Hugh Jackman
5.4%
Nicole Kidman
2%
Austin Powers: International Man of Mystery
1997
Cameron Diaz
68.6%
Mike Myers
1.5%
Mimi Rogers
15.5%
Seth Green
8.3%
Air Force One
1997
Meryl Streep
68.5%
Gary Oldman
6.9%
Harrison Ford
2.4%
William H. Macy
15.8%
The Avengers
2012
Liam Hemsworth
68%
Chris Evans
12.8%
Robert Downey Jr.
5.8%
Scarlett Johansson
7.6%
The Adjustment Bureau
2011
Nicolas Cage
67.9%
Emily Blunt
6.6%
Matt Damon
8.2%
Michael Kelly
10.5%
Angels & Demons
2009
Julia Roberts
67%
Ewan McGregor
16.7%
Stellan Skarsgård
7%
Tom Hanks
3%
American Gangster
2007
Richard Gere
63.6%
Denzel Washington
6.5%
Josh Brolin
10.6%
Russell Crowe
12.9%
Airplane!
1980
Rip Torn
62.4%
Kareem Abdul-Jabbar
11.6%
Leslie Nielsen
3.4%
Peter Graves
16.3%
After Earth
2013
Jada Pinkett Smith
58.7%
Jaden Smith
4.9%
Will Smith
4.6%
Zoë Kravitz
25.2%
Annie Hall
1977
Art Garfunkel
55.2%
Diane Keaton
4.5%
Paul Simon
29.2%
Woody Allen
4.6%
All About the Benjamins
2002
Morgan Freeman
54%
Eva Mendes
13%
Ice Cube
13.8%
Mike Epps
12.1%
Argo
2012
Ben Kingsley
51.9%
Ben Affleck
3.1%
Bryan Cranston
23.5%
John Goodman
15.3%
The Aviator
2004
Adam Baldwin
50.2%
Cate Blanchett
9.5%
Kate Beckinsale
31%
Leonardo DiCaprio
2.9%
Ali
2001
Denzel Washington
49.8%
Jamie Foxx
24.4%
Jon Voight
13.7%
Will Smith
5.6%
Along Came a Spider
2001
Alec Baldwin
49.4%
Michael Wincott
22%
Monica Potter
13.9%
Morgan Freeman
8%
Above the Law
1988
Halle Berry
47.2%
Pam Grier
19.1%
Sharon Stone
18.6%
Steven Seagal
8.2%
Alien
1979
Bill Paxton
46.9%
John Hurt
18.8%
Sigourney Weaver
2.4%
Tom Skerritt
25.8%
Avatar
2009
Thandie Newton
44.4%
Giovanni Ribisi
29.5%
Sam Worthington
5.3%
Sigourney Weaver
14.6%
Airheads
1994
Ben Stiller
44.2%
Brendan Fraser
11.7%
Chris Farley
22.6%
Steve Buscemi
14.8%

You're not logged in!

Compare scores with friends on all Sporcle quizzes.
OR
Log In

You Might Also Like...

Show Comments

Extras

Top Quizzes Today


Score Distribution

Your Account Isn't Verified!

In order to create a playlist on Sporcle, you need to verify the email address you used during registration. Go to your Sporcle Settings to finish the process.

Report this User

Report this user for behavior that violates our Community Guidelines.

Details: